[Napomenutij stále:ke wssechniem Wiernym we wssech Stawiijch a po wssech Zbořijch w Gednotě: k Naprawenij se skutečnému každého z njch w Prawdě Křestianstwij y powolánji geho:...]

Bibliographic Details
Corporate Author: Tiskárna Jednoty bratrské (Kralice, Česko) (Printer)
Format: Book
Language:Czech
PhysicalDescription:44 nečíslovaných listov 8° ; 14 cm
Subjects:

MARC

LEADER 00000nam a2200000 4500
001 vtls012129469
003 SK-MaSNL
005 20260301055350.0
008 230427s1591 xr 0 0n0 cze
015 |a SNBHFA 
035 |a urn:nbn:sk:snk-am00ieyv 
035 |a 3E310740-EB0C-43C9-A040-2EBB76B46296 
040 |a SNKHFA  |b slo  |c SNKHFA  |e rda 
041 0 |a cze 
044 |a xr  |c CZ 
072 7 |a 27-1/-2  |x Kresťanská teológia. Dogmatická teológia  |2 konspekt 
080 |a 27-4  |2 2011 
130 1 |a [Napomenutí]  |9 368851 
245 1 1 |a [Napomenutij stále:ke wssechniem Wiernym we wssech Stawiijch a po wssech Zbořijch w Gednotě: k Naprawenij se skutečnému každého z njch w Prawdě Křestianstwij y powolánji geho:...] 
246 3 2 |a Napomenutí učiněné wšechněm we wšech stawích a po wšech sbořích w jednotě k naprawení se skutečnému každého z nich w prawdě křesťanstwí powolání jeho w nynějších náramných pokušeních a nebezpečenstwích 
264 3 |a [Kralice]  |b [Bratská tiskárna]  |c [1591] 
300 |a 44 nečíslovaných listov  |c 8° ; 14 cm 
336 |a text  |b txt  |2 rdacontent 
337 |a bez média  |b n  |2 rdamedia 
338 |a zväzok  |b nc  |2 rdacarrier 
500 |a Iniciály na voľnom pozadí na 2,3,5 a 6 riadkov, neživé záhlavie, zložky 
501 |a Príväzok 1. k: Confessio Fratrum Bohemorum... . Ivančice: Bratská tiskárna, 1564.  |5 SNK IE 6515 
504 |a Marginálne tlačené poznámky 
510 4 |a Knihopis  |c K18695 
546 |a Čeština 
550 |a Tlačiarenské údaje podľa Knihopisu: Kralice: Bratská tiskárna, 1591 
550 |a Podľa Knihopisu sú v poli 246 uvedené doplnkové názvové údaje, ktoré sú rozdielne od doplneného titulného listu zviazaného v tlači IE 6515 
562 |a Defekt: chýba titulný list.  |5 SNK IE 6515/prív.1 
650 0 7 |a praktická teológia  |2 SNKPH  |9 1806 
710 2 |a Tiskárna Jednoty bratrské (Kralice, Česko)  |4 prt  |9 368852 
752 |a Česko  |d Kralice nad Oslavou 
852 |a Slovenská národná knižnica  |b Historické fondy  |p IE 6515/prív.1 
958 |a DA 
958 |a ONDV 
999 |c 613201  |d 615131 
952 |a SNK  |b SNK  |y PREZ  |7 0  |p 17A1484579  |o snkIE 6515/prív.1  |i snkF 2685/79  |8 5  |0 0  |1 0  |4 0  |d 2022-03-31  |f 1  |l 0  |r 2026-02-23 16:29:40  |w 2026-02-23